000 01266nam a2200253 i 4500
001 154292
003 ES-MaACL
005 20250812113355.0
008 931025s1796 sp af |||| | spa d
100 0 _aGessner, Salomon.
_956526
245 1 3 _aEl primer navegante
_b: poema en dos cantos /
_cde Gesner.
260 _aEn Madrid :
_ben la imprenta de Sancha,
_c1796.
300 _a70 p., [2] h. de grab. ;
_c8º (15 cm)
594 _aSegún Palau, 101664 el traductor es M.A. Rodríguez Fernández.
596 _aMarca de imp. en port.
597 _aSign.: A-D8, E3.
599 _aLas láminas son grabados calcográficos que ilustran los cantos: "Pr. Navegante Cto. I. M.R. fc." y "Pr. Navegante Cto. II. fonseca fc."
650 4 _aPoesía pastoril alemana.
_9136732
700 1 _aRodríguez Fernández, Manuel Antonio.
_9155036
700 1 _aFonseca, José,
_dfl. 1791-1807
_9145844
852 _aES-MaACL
_jR-1251(1)
_z-- Enc. pasta española
_z-- Ex-libris ms. de Gustavo Saenz Diez, 1877
_x-- Olim: G-10578
_x-- Edic.: 70, [2] p. -- En pag. [1] consta: "Se hallará, con el monólogo lírico, intitulado Hero y Leandro, en la librería de Quiroga ..."
_x Olim: G-10578
999 _c154292
_d154292